Signals, systems, and transforms / (Record no. 3662)

MARC details
000 -LEADER
fixed length control field 00839nam a22002532 4500
001 - CONTROL NUMBER
control field 0000013069
005 - DATE AND TIME OF LATEST TRANSACTION
control field 20151217145859.0
008 - FIXED-LENGTH DATA ELEMENTS--GENERAL INFORMATION
fixed length control field 090526s xx 000 0 eng d
020 ## - INTERNATIONAL STANDARD BOOK NUMBER
International Standard Book Number 8131725313 :
040 ## - CATALOGING SOURCE
Original cataloging agency KABU
Transcribing agency KABU
100 1# - MAIN ENTRY--PERSONAL NAME
Personal name Phillips, Charles L.
-- 0000170173
245 10 - TITLE STATEMENT
Title Signals, systems, and transforms /
Statement of responsibility, etc. Charles L. Phillips, John M. Parr, Eve A. Riskin.
250 ## - EDITION STATEMENT
Edition statement 4th ed.
260 ## - PUBLICATION, DISTRIBUTION, ETC. (IMPRINT)
Place of publication, distribution, etc. New Delhi :
Name of publisher, distributor, etc. Dorling Kindersley,
Date of publication, distribution, etc. 2008.
300 ## - PHYSICAL DESCRIPTION
Extent xx, 772 p.
650 #0 - SUBJECT ADDED ENTRY--TOPICAL TERM
Topical term or geographic name as entry element Signal processing
General subdivision Mathematical models.
-- 0000170174
650 #0 - SUBJECT ADDED ENTRY--TOPICAL TERM
Topical term or geographic name as entry element Transforms (Mathematics)
-- 0000170175
650 #0 - SUBJECT ADDED ENTRY--TOPICAL TERM
Topical term or geographic name as entry element System analysis.
-- 0000148439
700 1# - ADDED ENTRY--PERSONAL NAME
Personal name Parr, John M.
-- 0000170176
700 1# - ADDED ENTRY--PERSONAL NAME
Personal name Riskin, Eve A.
-- 0000170177
852 1# - LOCATION
-- p3850 KES
908 ## - PUT COMMAND PARAMETER (RLIN)
Put command parameter 090526
950 ## - LOCAL HOLDINGS (RLIN)
-- 1
Holdings
Withdrawn status Lost status Source of classification or shelving scheme Not for loan Home library Current library Date acquired Total Checkouts Full call number Barcode Date last seen Date last checked out Price effective from Koha item type
    Library of Congress Classification   Kabarak, Main Campus Kabarak, Main Campus 17/12/2015 6 TK5102.9 .P45 2008 c. 1 17720 21/08/2021 16/08/2021 17/12/2015 General Collection
Designed with assistance from East African Informatics Ltd